Dibujo : curso selectivo adaptado al cuestionario oficial de peritos industriales

Gespeichert in:
Bibliographische Detailangaben
1. Verfasser: González Monsalve, Mario
Weitere Verfasser: Palencia Cortés, Julián
Format: Buch
Sprache:Spanisch
Erschienen: Sevilla : Los autores, 1962
Ausgabe:2ª ed.
Katalog:MANES:  Suchergebnis im Bibliothekskatalog
Schulbuchspezifische Eigenschaften:
Schlagworte:
Tags: Tag hinzufügen
Keine Tags, Fügen Sie den ersten Tag hinzu!
Hinzugefügt zu:15.11.1998
Geändert in:07.05.2025

MARC

LEADER 00000cam a2200000 i 4500
005 20250507134515.0
008 981116s1962 espa fp 000 0 spa d
040 |a uned  |b spa  |c entro-manes 
100 1 |a González Monsalve, Mario  |9 39612 
245 1 0 |a Dibujo :   |b curso selectivo adaptado al cuestionario oficial de peritos industriales /   |c Mario González Monsalve, Julián Palencia Cortés 
250 |a 2ª ed. 
260 |a Sevilla :   |b Los autores,   |c 1962 
300 |a 403 p. :   |b il. 
500 |a En port.: Texto oficial aprobado por O.M. de 19 de febrero de 1962 
546 |a España 
561 |5 es-BUNED  |3 L.T. 3872  |a España. Fondo Manes UNED  |k MANES 
690 0 |a EA 
650 7 |a Enseñanza técnica superior 
700 1 |a Palencia Cortés, Julián  |9 39614 
942 |2 ddc  |c BK 
999 |c 96052  |d 96052 
999 |c manes:96052  |d 96052